Visualizzazione normale
Vista MARC
- Sosa, Arturo,
di Personal Name
Records bibliografici associati: 1
001 - CONTROL NUMBER
- control field: 70856
003 - CONTROL NUMBER IDENTIFIER
- control field: IT-RoINE
005 - DATE AND TIME OF LATEST TRANSACTION
- control field: 20220126124855.0
008 - FIXED-LENGTH DATA ELEMENTS
- fixed length control field: 220126|| aca||aabn | a|a d
040 ## - CATALOGING SOURCE
- Original cataloging agency: IT-RoINE
- Transcribing agency: IT-RoINE
100 1# - HEADING--PERSONAL NAME
- Personal name: Sosa, Arturo,
- Titles and other words associated with a name: S.I.,
- Dates associated with a name: 1948-
400 1# - SEE FROM TRACING--PERSONAL NAME
- Personal name: Sosa Abascal, Arturo,
- Titles and other words associated with a name: S.I.,
- Dates associated with a name: 1948-
400 1# - SEE FROM TRACING--PERSONAL NAME
- Personal name: Sosa Abascal, Arturo Marcelino,
- Titles and other words associated with a name: S.I.,
- Dates associated with a name: 1948-
400 1# - SEE FROM TRACING--PERSONAL NAME
- Personal name: Sosa A., Arturo,
- Titles and other words associated with a name: S.I.,
- Dates associated with a name: 1948-
400 1# - SEE FROM TRACING--PERSONAL NAME
- Personal name: Sosa, Arturo Marcelino,
- Titles and other words associated with a name: S.I.,
- Dates associated with a name: 1948-
400 1# - SEE FROM TRACING--PERSONAL NAME
- Personal name: Abascal, Arturo Sosa,
- Titles and other words associated with a name: S.I.,
- Dates associated with a name: 1948-
670 ## - SOURCE DATA FOUND
- Source citation: Work cat.: (IT-RoINE)0: Sosa, Arturo, S.I., 1948-, En camino con Ignacio / , 2021.